| 000 | 00623nam a2200193Ia 4500 | ||
|---|---|---|---|
| 003 | GCL | ||
| 008 | 140319s9999 xx 000 0 ara d | ||
| 040 |
_aGCL / _cGCL |
||
| 082 | 0 | 4 |
_a792.9 _bم م |
| 100 | 1 | _aمحمد زكى العشماوى | |
| 245 | 1 | 0 |
_aالمسرح: اصوله واتجاهاته المعاصرة مع دراسات تحليلية مقارنه / _cمحمد زكى العشماوى |
| 300 | _a376 ص | ||
| 490 |
_aكتاب _v0 |
||
| 650 | 0 | 4 | _aالمسرحيات |
| 650 | 0 | 4 | _aسارتر، جان بول |
| 650 | 0 | 4 | _aالمسرح - نقد |
| 650 | 0 | 4 | _aجورج برناردشو |
| 942 |
_2ddc _cBK |
||
| 999 |
_c41649 _d41649 |
||